000 00942nam a2200301Ia 4500
003 OSt
005 20221007122817.0
006 a|||||r|||| 00| 0
007 ta
008 221006b |||||||| |||| 00| 0 eng d
020 _a9783527330096 (pbk)
024 _a188566
037 _b6089, 13/03/2013, New India Book Agency
_cTextual
040 _aPAPL
_cPAPL
_beng
041 _2eng
_aeng
082 _aC216, Q1 Carpa
100 _aZolotoyabko Emil
_9715255
245 0 _aBasic concepts of crystallography
260 _aWeinheim
_bWiley-VCH
_c2011
300 _ax,266p.
_ccm.
500 _aGeneral reading 257-258p.; Index 259-266p.
650 _a Crystallography
_9484412
650 _a Crystals
_9608113
650 _a X-ray crystallography
_9713306
650 _aPhysics
942 _hC216, Q1 Carpa
_cTEXL
_2CC
999 _c1210967
_d1210967